| 000 | 00916 a2200265 4500 | ||
|---|---|---|---|
| 001 | 200130465 | ||
| 999 |
_c200130465 _d30697 |
||
| 003 | TR-AnTOB | ||
| 005 | 20231208170053.0 | ||
| 020 | _a9786054538447 | ||
| 040 | _aTR-AnTOB | ||
| 041 | _atur | ||
| 050 |
_aHD60.5.U5 _b.H64 2012 |
||
| 090 | _aHD60.5.U5 .H64 2012 | ||
| 100 |
_aHollender, Jeffrey _992936 |
||
| 245 | 1 | 0 |
_aSorumluluk devrimi : _biş dünyasında başarı gelecek kuşağın / _cJeffrey Hollender ; Bill Breen ; çeviren Aydan Kalaçlar ; yayını hazırlayan Asiye Berdan. |
| 264 | 1 |
_aİstanbul: _bEKOIQ Kitaplığı, _c2012. |
|
| 300 | _a248 sayfa;|c 21 cm. | ||
| 490 | 0 | _aEKOIQ Kitaplığı Yayın No ; .|v 08 | |
| 650 | 7 |
_aYönetim _xSosyal yönleri _2etuturkob _928891 |
|
| 650 | 0 |
_aManagement _xSocial aspects _992938 |
|
| 650 | 0 |
_aEkonomi _xSosyolojik yönler _9126635 |
|
| 650 | 0 |
_aEconomics _xSociological aspects _93156 |
|
| 942 | _cBK | ||